00352nam a2200133Ia 4500003000400000005001700004008004100021020001500062050002300077245003800100260003200138300004200170440000600212OSt20140325143835.0140130s9999 xx 000 0 und d a043933635X aREF 997bOc15 2001 aAt the ocean with foldout flaps / bScholastic,c2001.aItaly : a1 v. (unpaged) :bcol. ill. ;c22 cm. v1